| 000 | 00458nam a22001697a 4500 | ||
|---|---|---|---|
| 999 |
_c523953 _d523953 |
||
| 003 | NUST | ||
| 038 | _aShaban | ||
| 082 |
_a891.491 _bNIA |
||
| 100 |
_aNiazi, Muhammad Muzhar _914780 |
||
| 245 |
_aHanj da wan _cMuhammad Muzhar Niazi |
||
| 260 |
_aFaisalabad -: _bMisaal Publisher, _c2005. |
||
| 300 | _a143 p. -; | ||
| 500 | _aHardcover | ||
| 880 |
_6100-02\r _aمحمّد مظہر نیازی |
||
| 880 |
_6245-02\r _aہنج دا وین |
||
| 942 |
_2ddc _cBK |
||